Hardvérové a softvérové zabezpečenie pre počítačom integrovanú výrobu

Guardado en:
Detalles Bibliográficos
Autor principal: Teplan, Filip (Autor)
Otros Autores: Tóth, Dávid (Orientador)
Formato: Manuscrito Libro
Lenguaje:eslovaco
Publicado: 2015
Materias:
Acceso en línea:http://is.stuba.sk/zp/portal_zp.pl?podrobnosti=96558
Etiquetas: Agregar Etiqueta
Sin Etiquetas, Sea el primero en etiquetar este registro!

MARC

LEADER 00000ntm a22000003a 4500
001 stuzp51088
003 SK-STU
005 20160719153742.3
007 ta
008 150427s2015----xo-----f-mn---000-0-slo-d
040 |a STU  |b slo 
041 0 |a slo 
100 1 |a Teplan, Filip  |u 063000  |4 aut  |U MTF Materiálovotechnologická fakulta  |T MTF Ústav výrobných technológií  |X 47144  |U M3000  |Y 83  |7 47144 
242 0 1 |a Hardware and software accessories for computer integrated manufacturing  |y eng 
245 1 0 |a Hardvérové a softvérové zabezpečenie pre počítačom integrovanú výrobu 
260 |c 2015 
650 4 |a softvér  |2 slo 
650 4 |a CAx  |2 slo 
650 4 |a CIM  |2 slo 
650 4 |a iCIM3000  |2 slo 
650 4 |a počítačom integrovaná výroba  |2 slo 
650 4 |a hardvér  |2 slo 
650 4 |a CIM  |2 eng 
650 4 |a computer integrated manufacturing  |2 eng 
650 4 |a iCIM3000  |2 eng 
650 4 |a hardware  |2 eng 
650 4 |a software  |2 eng 
650 4 |a CAx  |2 eng 
700 1 |a Tóth, Dávid  |4 ths  |X 48747  |7 A000048747 
856 4 |u http://is.stuba.sk/zp/portal_zp.pl?podrobnosti=96558 
996 |c M* BP-7214  |l MMSKP  |s P  |a 0  |w stuzp51088_0001 
SQL |a stuzp51088  |b DBP  |c SLO  |d Hardvérové a softvérové zabezpečenie pre počítačom integrovanú výrobu  |e 47144  |f Teplan, Filip  |g 063000  |h 48747  |i Tóth, Dávid  |j 20150701  |k 179  |l 06  |m http://is.stuba.sk/zp/portal_zp.pl?podrobnosti=96558  |n B-VZS  |o 5.2.50. výrobná technika